000 00648nam a2200241Ia 4500
003 OSt
005 20220924131829.0
006 a|||||r|||| 00| 0
007 ta
008 220923b |||||||| |||| 00| 0 tel d
020 _c25.00
024 _a335206
037 _cTextual
040 _aARTS
_cARTS
_btel
041 _2tel
_atel
082 _a035,3N37,58, M6
100 _aSulochana Madiraddy Au.
_9202999
245 0 _aLahiri
260 _aVijayawada
_bGopichand publications
_c1986
650 _aTELUGU FICTION
942 _h035,3N37,58, M6
_cTEXL
_2CC
999 _c428339
_d428339